[Event "CRI-chT"]
[Site "San Jose"]
[Date "2024.05.12"]
[Round "4.3"]
[White "Ramirez Jimenez, Eddy"]
[Black "Madriz Rojas, Jose Francisco"]
[Result "1-0"]
[WhiteElo "1921"]
[BlackElo "1483"]
[PlyCount "51"]
[EventDate "2024.04.28"]
[EventType "team-swiss"]
[EventRounds "7"]
[EventCountry "CRI"]
[SourceTitle "EXT 2025"]
[Source "ChessBase"]
[SourceDate "2024.10.14"]
[SourceVersion "1"]
[SourceVersionDate "2024.10.14"]
[SourceQuality "1"]
[WhiteTeam "ADA"]
[BlackTeam "La Papa Mecanica"]
[WhiteTeamCountry "CRI"]
[BlackTeamCountry "CRI"]

1. e4 e6 2. d4 d5 3. exd5 exd5 4. c4 h6 5. Nf3 Nf6 6. Nc3 c6 7. Be2 dxc4 8. Bxc4 Bd6 9. 0-0 0-0 10. Qd3 Nbd7 11. a3 Qc7 12. h3 Bf4 13. Ne2 Bxc1 14. Raxc1 a5 15. Ng3 a4 16. Nf5 Nb6 17. Nxh6+ gxh6 18. Qg6+ Kh8 19. Qxf6+ Kg8 20. Qg6+ Kh8 21. Qxh6+ Kg8 22. Ng5 Bf5 23. Qf6 Qd7 24. Ba2 Nd5 25. Bxd5 Qxd5 26. Rc5 1-0